[Event "Bled Olympiad"]
[Site "Bled SLO"]
[Date "2002.11.05"]
[EventDate "2002.10.26"]
[Round "10"]
[Result "1-0"]
[White "Enamul Hossain"]
[Black "Richard Forster"]
[WhiteElo "2396"]
[BlackElo "2460"]
[PlyCount "105"]

1. e4 c5 2. Nf3 d6 3. d4 cxd4 4. Nxd4 Nf6 5. Nc3 a6 6. Be3 e5
7. Nb3 Be7 8. f3 Be6 9. Qd2 O-O 10. O-O-O Qc7 11. g4 Rc8
12. g5 Nh5 13. Kb1 Nd7 14. Qf2 b5 15. Nd5 Bxd5 16. exd5 Rcb8
17. Bh3 Nb6 18. Na5 Nf4 19. Bxf4 exf4 20. Rhg1 Re8 21. Qd4 g6
22. Rd3 Bf8 23. Qxf4 Bg7 24. Nc6 Re2 25. Rgd1 Nc4 26. Bf1 Rf2
27. Qh4 Qb6 28. Nd4 Bxd4 29. Rxd4 Ne3 30. Qxf2 Nxd1 31. Qd2
Re8 32. c3 Ne3 33. Bd3 a5 34. a3 Qc5 35. Qe2 Re5 36. Re4 b4
37. axb4 axb4 38. cxb4 Qb6 39. Rxe5 dxe5 40. Be4 Kf8 41. Qd3
Ke7 42. d6+ Kd7 43. b5 Qc5 44. Qc3 Nc4 45. Bd3 Qg1+ 46. Ka2
Qa7+ 47. Kb3 Na5+ 48. Kb4 Kxd6 49. Be4 Qb6 50. Qa3 Ke6
51. Qxa5 Qd6+ 52. Kb3 Qd1+ 53. Ka2 1-0

[Event "Bled Olympiad"]
[Site "Bled SLO"]
[Date "2002.11.05"]
[EventDate "2002.10.26"]
[Round "10"]
[Result "1/2-1/2"]
[White "Bin-Sattar Reefat"]
[Black "Yannick Pelletier"]
[WhiteElo "2448"]
[BlackElo "2587"]
[PlyCount "60"]

1. e4 e6 2. d4 d5 3. e5 c5 4. c3 Nc6 5. Nf3 Qb6 6. a3 c4
7. Nbd2 Na5 8. g3 Bd7 9. h4 O-O-O 10. Bh3 f5 11. Bg2 Kb8
12. Ng5 Nh6 13. Nf1 Nb3 14. Rb1 Nxc1 15. Qxc1 Be7 16. Nd2 Ba4
17. O-O Rdf8 18. b3 cxb3 19. c4 f4 20. c5 Qa6 21. Nxb3 fxg3
22. fxg3 Qd3 23. Nxe6 Bxb3 24. Nxf8 Rxf8 25. Rxf8+ Bxf8
26. Qb2 Ng4 27. Qxb3 Qxd4+ 28. Kh1 Nf2+ 29. Kh2 Ng4+ 30. Kh1
Nf2+ 1/2-1/2

[Event "Bled Olympiad"]
[Site "Bled SLO"]
[Date "2002.11.05"]
[EventDate "2002.10.26"]
[Round "10"]
[Result "1/2-1/2"]
[White "Viktor Korchnoi"]
[Black "Ziaur Rahman"]
[WhiteElo "2634"]
[BlackElo "2523"]
[PlyCount "60"]

1. d4 e6 2. Nf3 c5 3. e4 cxd4 4. Nxd4 Nc6 5. Nb5 d6 6. c4 Nf6
7. N1c3 a6 8. Nd4 Be7 9. Be2 O-O 10. O-O Bd7 11. Nb3 Rc8
12. Bf4 e5 13. Be3 Be6 14. Rc1 h6 15. Kh1 Kh8 16. f3 Nh5
17. Nd5 Bg5 18. Bb6 Qd7 19. Rc3 Ne7 20. Rg1 Bxd5 21. cxd5 f5
22. g4 fxg4 23. Rxg4 Nf6 24. Rg2 Ng6 25. Rxc8 Rxc8 26. Rg1 Nf4
27. Bf1 Qa4 28. Qb1 Qe8 29. Qd1 Qa4 30. Qb1 Qe8 1/2-1/2

[Event "Bled Olympiad"]
[Site "Bled SLO"]
[Date "2002.11.05"]
[EventDate "2002.10.26"]
[Round "10"]
[Result "1/2-1/2"]
[White "Florian Jenni"]
[Black "Al-Rakib Abdulla"]
[WhiteElo "2483"]
[BlackElo "2398"]
[PlyCount "79"]

1. e4 c6 2. d4 d5 3. Nc3 dxe4 4. Nxe4 Bf5 5. Ng3 Bg6 6. Nf3
Nd7 7. h4 h6 8. h5 Bh7 9. Bd3 Bxd3 10. Qxd3 e6 11. Bf4 Bb4+
12. c3 Be7 13. O-O-O Ngf6 14. Kb1 a5 15. Ne4 Nxe4 16. Qxe4 Nf6
17. Qe2 Qd5 18. Ne5 Qe4+ 19. Qxe4 Nxe4 20. Rhe1 Nf6 21. g4 O-O
22. Bc1 a4 23. f4 Rfd8 24. Kc2 c5 25. dxc5 Bxc5 26. Bd2 Rd5
27. c4 Rd4 28. Be3 Rxd1 29. Kxd1 Bd6 30. Rg1 Rc8 31. b3 axb3
32. axb3 Ra8 33. Kc2 Ra2+ 34. Kd3 Rb2 35. Kc3 Rh2 36. Nd3 Rh4
37. Nf2 Rh2 38. Nd3 Rh4 39. Nf2 Rh2 40. Nd3 1/2-1/2

[Event "Bled Olympiad"]
[Site "Bled SLO"]
[Date "2002.11.05"]
[EventDate "2002.10.26"]
[Round "10"]
[Result "1/2-1/2"]
[White "Mauricio Uribe"]
[Black "Nelson Mariano"]
[WhiteElo "2364"]
[BlackElo "2408"]
[PlyCount "85"]

1. e4 c5 2. Nf3 d6 3. d4 cxd4 4. Nxd4 a6 5. Nc3 e6 6. Be3 b5
7. Qd2 Bb7 8. f3 Nd7 9. O-O-O Rc8 10. Kb1 Nb6 11. Bd3 Nf6
12. g4 Nfd7 13. g5 Ne5 14. f4 Nec4 15. Bxc4 Nxc4 16. Qd3 d5
17. e5 b4 18. Nce2 a5 19. Bc1 Ba6 20. Qh3 g6 21. Qf3 Qb6
22. h4 a4 23. h5 Rg8 24. hxg6 hxg6 25. Rh7 Bc5 26. Ka1 Na5
27. f5 Bxe2 28. Nxe2 gxf5 29. Nf4 Qc6 30. Qh5 Rc7 31. g6 fxg6
32. Nxg6 Kd8 33. Nf4 Rxh7 34. Qxh7 Re8 35. Qg6 Kd7 36. Rh1 b3
37. c3 bxa2 38. Kxa2 Qb5 39. Rh7+ Kc8 40. Nxe6 Qc4+ 41. Kb1
Qe4+ 42. Ka2 Qc4+ 43. Kb1 1/2-1/2

[Event "Bled Olympiad"]
[Site "Bled SLO"]
[Date "2002.11.05"]
[EventDate "2002.10.26"]
[Round "10"]
[Result "1/2-1/2"]
[White "Buenaventura Bong Villamayor"]
[Black "Raul Fernando Henao"]
[WhiteElo "2503"]
[BlackElo "2384"]
[PlyCount "80"]

1. Nf3 Nf6 2. c4 g6 3. Nc3 d5 4. cxd5 Nxd5 5. Qa4+ Bd7 6. Qh4
Nxc3 7. Qd4 f6 8. Qxc3 Nc6 9. a3 e5 10. e3 Bg7 11. Bc4 Qe7
12. d3 f5 13. e4 Nd4 14. Nxd4 exd4 15. Qb4 fxe4 16. O-O Bc6
17. Re1 Qe5 18. Bb5 O-O-O 19. Bxc6 bxc6 20. Rxe4 Qb5 21. Bf4
Rhf8 22. Qd2 Rde8 23. Rae1 Rxe4 24. Rxe4 Bf6 25. Qe2 Kb7
26. g3 Qd5 27. Qd2 a5 28. Qe2 g5 29. Bd2 h6 30. Re6 h5 31. Qe4
Qxe4 32. Rxe4 a4 33. f4 g4 34. Re6 Rf7 35. h3 gxh3 36. Kh2 Re7
37. Rxe7 Bxe7 38. Kxh3 c5 39. g4 hxg4+ 40. Kxg4 Kc6 1/2-1/2

[Event "Bled Olympiad"]
[Site "Bled SLO"]
[Date "2002.11.05"]
[EventDate "2002.10.26"]
[Round "10"]
[Result "1/2-1/2"]
[White "Dario Alzate"]
[Black "Rogelio Antonio Jr"]
[WhiteElo "2432"]
[BlackElo "2507"]
[PlyCount "76"]

1. d4 Nf6 2. c4 e6 3. Nc3 d5 4. Nf3 c5 5. cxd5 exd5 6. g3 Nc6
7. Bg2 Be6 8. O-O h6 9. Be3 c4 10. Ne5 Bb4 11. Nxc6 bxc6
12. Qa4 Qb6 13. h3 O-O 14. Qc2 Rfe8 15. Na4 Qd8 16. b3 Qd7
17. Kh2 Bf5 18. Qc1 cxb3 19. axb3 Ne4 20. Ra2 g5 21. f3 Nd6
22. Bf2 Bg6 23. Nc5 Bxc5 24. Qxc5 Reb8 25. Rfa1 Nc8 26. Qc3
Rb6 27. e4 Rab8 28. Ra3 R8b7 29. e5 Ne7 30. Be1 Nf5 31. Bf1
Ng7 32. Qb2 Qf5 33. Kg2 h5 34. g4 Qd7 35. Ba6 Rb8 36. Bf1 Ne6
37. Bd2 R8b7 38. Ba6 Rb8 1/2-1/2

[Event "Bled Olympiad"]
[Site "Bled SLO"]
[Date "2002.11.05"]
[EventDate "2002.10.26"]
[Round "10"]
[Result "1/2-1/2"]
[White "Eugenio Torre"]
[Black "Alonso Zapata"]
[WhiteElo "2523"]
[BlackElo "2556"]
[PlyCount "174"]

1. d4 Nf6 2. Nf3 g6 3. Bg5 Bg7 4. Nbd2 d5 5. e3 O-O 6. Be2
Nbd7 7. O-O h6 8. Bh4 g5 9. Bg3 Nh5 10. c4 Nxg3 11. hxg3 dxc4
12. Nxc4 c5 13. Rc1 b6 14. dxc5 Nxc5 15. Nd4 Bd7 16. b4 Ba4
17. Qe1 Bxd4 18. exd4 Ne6 19. d5 Nd4 20. Bd3 Qxd5 21. Be4 Qe6
22. Bxa8 Ne2+ 23. Kh2 Rxa8 24. Ne3 Nxc1 25. Qxc1 Rc8 26. Qa3
Bb5 27. Re1 a6 28. Qb2 Rd8 29. Qc3 Rd3 30. Qb2 h5 31. Qc1 Kh7
32. Qb1 Qg6 33. Qc2 Qc6 34. Qb1 Qg6 35. Qc2 Rd7 36. Qc8 Qg8
37. Qc3 e6 38. Rd1 Rxd1 39. Nxd1 Qd8 40. Ne3 Kg6 41. Qc2+ Qd3
42. Qc8 Kg7 43. Qc7 Qd4 44. a3 Qb2 45. Kg1 Qa1+ 46. Kh2 Qd4
47. Qc2 h4 48. g4 Qe5+ 49. Kg1 Qa1+ 50. Kh2 Qxa3 51. Qc7 Qxb4
52. Qe5+ Kg6 53. Qh8 Qf4+ 54. Kg1 Qf6 55. Qg8+ Qg7 56. Qb8
Qa1+ 57. Kh2 Kg7 58. Qxb6 Qe5+ 59. Kg1 Be2 60. Qd8 Qa1+
61. Kh2 Qf6 62. Qb6 Bb5 63. Qc5 Bd3 64. Kg1 Qf4 65. Qc3+ f6
66. Qxd3 Qa4 67. Qc3 a5 68. Nc4 Qd1+ 69. Kh2 a4 70. Qb4 Qxg4
71. Qe7+ Kg6 72. Qe8+ Kg7 73. Qd7+ Kg6 74. Qe8+ Kg7 75. Qe7+
Kg6 76. Ne3 Qe4 77. Qe8+ Kg7 78. Qe7+ Kg6 79. Kh3 f5 80. Qe8+
Kf6 81. Qf8+ Kg6 82. Qg8+ Kf6 83. Qf8+ Kg6 84. Qh8 Qf4
85. Qg8+ Kf6 86. Qf8+ Kg6 87. Qg8+ Kf6 1/2-1/2

[Event "Bled Olympiad"]
[Site "Bled SLO"]
[Date "2002.11.05"]
[EventDate "2002.10.26"]
[Round "10"]
[Result "0-1"]
[White "Roland Berzinsh"]
[Black "Alfonso Romero Holmes"]
[WhiteElo "2472"]
[BlackElo "2524"]
[PlyCount "50"]

1. e4 c5 2. Nf3 d6 3. Bc4 Nf6 4. d3 e6 5. Bb3 Nc6 6. c3 Be7
7. O-O O-O 8. Re1 b5 9. Nbd2 d5 10. e5 Nd7 11. d4 Ba6 12. a3
cxd4 13. cxd4 b4 14. Bc2 bxa3 15. bxa3 Qc7 16. Nf1 Rfc8
17. Ne3 Rab8 18. h4 Na5 19. Ng5 Nf8 20. Rb1 Rxb1 21. Bxb1 Qb6
22. Bd3 Rxc1 23. Bxh7+ Nxh7 24. Qxc1 Nxg5 25. hxg5 Nb3 0-1

[Event "Bled Olympiad"]
[Site "Bled SLO"]
[Date "2002.11.05"]
[EventDate "2002.10.26"]
[Round "10"]
[Result "0-1"]
[White "Aleksandar H Wohl"]
[Black "Aloyzas Kveinys"]
[WhiteElo "2422"]
[BlackElo "2530"]
[PlyCount "98"]

1. e4 c5 2. Nf3 e6 3. d4 cxd4 4. Bg5 Nf6 5. e5 h6 6. Bd2 Ne4
7. Qe2 Nxd2 8. Nbxd2 Nc6 9. O-O-O d6 10. Kb1 Be7 11. exd6 Qxd6
12. Ne4 Qd5 13. Nc3 Qc5 14. Nb5 O-O 15. Nbxd4 Nxd4 16. Rxd4
Bf6 17. Rd1 Qb6 18. Ne5 Rd8 19. Rxd8+ Qxd8 20. Ng4 Be7 21. Qf3
Bd7 22. Bd3 Bc6 23. Qg3 Bh4 24. Qh3 Bg5 25. Rd1 Qc7 26. Re1
Rd8 27. Ne5 Qa5 28. Re2 Be8 29. Qf3 Rd5 30. Nc4 Qd8 31. Qe4
Bf6 32. a3 g6 33. f4 b5 34. Ne5 a5 35. g3 Bg7 36. h4 h5
37. Re1 Qb6 38. Qe2 b4 39. Be4 Rxe5 40. fxe5 bxa3 41. c4 Bxe5
42. Bxg6 Bxb2 43. Ka2 fxg6 44. g4 Bf7 45. gxh5 gxh5 46. Qg2+
Bg7 47. Rb1 Qd4 48. Kxa3 Qc5+ 49. Ka2 Qxc4+ 0-1

[Event "Bled Olympiad"]
[Site "Bled SLO"]
[Date "2002.11.05"]
[EventDate "2002.10.26"]
[Round "10"]
[Result "1-0"]
[White "Vidmantas Malisauskas"]
[Black "Gary W Lane"]
[WhiteElo "2521"]
[BlackElo "2436"]
[PlyCount "139"]

1. e4 e5 2. Nf3 Nc6 3. Bb5 g6 4. c3 a6 5. Ba4 d6 6. d4 Bd7
7. O-O Bg7 8. Re1 Nge7 9. dxe5 Nxe5 10. Nxe5 dxe5 11. Bxd7+
Qxd7 12. Qb3 O-O 13. Na3 Kh8 14. Be3 Qc6 15. Rad1 f6 16. Qc4
Qxc4 17. Nxc4 Rfd8 18. Bc5 Nc6 19. Rd5 Rxd5 20. exd5 Nd8
21. f4 Nf7 22. fxe5 fxe5 23. Nd2 Rd8 24. c4 b5 25. b3 bxc4
26. bxc4 Rb8 27. Rb1 Rxb1+ 28. Nxb1 Kg8 29. Nd2 Bf8 30. Ne4
Bd6 31. Ba7 Be7 32. c5 Kf8 33. Kf2 Ke8 34. Ke3 Nh6 35. Kd3 Nf5
36. c6 h5 37. Bf2 Kd8 38. h3 Kc8 39. Nd2 Bf6 40. Bc5 Bg7
41. Nf3 Bf6 42. g4 hxg4 43. hxg4 Nd6 44. Bxd6 cxd6 45. Ke4 Kc7
46. g5 Bd8 47. Nh4 Bxg5 48. Nxg6 Bd2 49. Ne7 Bb4 50. Nf5 Be1
51. Kf3 Bb4 52. Ng3 Ba3 53. Ne4 Bb4 54. Kg4 Ba3 55. Kf5 Bb4
56. Ke6 Ba3 57. Nf6 Kc8 58. Ne4 Kc7 59. Kf5 Bb4 60. Kg5 Ba3
61. Kg4 Bb4 62. Kf3 Ba3 63. Ke3 Bb4 64. Kd3 Ba5 65. Kc4 Be1
66. Kb3 Bh4 67. Ka4 Be1 68. a3 a5 69. Kb5 Bh4 70. Kxa5 1-0

[Event "Bled Olympiad"]
[Site "Bled SLO"]
[Date "2002.11.05"]
[EventDate "2002.10.26"]
[Round "10"]
[Result "0-1"]
[White "Darryl K Johansen"]
[Black "Eduardas Rozentalis"]
[WhiteElo "2512"]
[BlackElo "2563"]
[PlyCount "156"]

1. Nf3 Nf6 2. c4 e6 3. Nc3 Bb4 4. g3 O-O 5. Bg2 d5 6. a3 Be7
7. d4 dxc4 8. Ne5 Nc6 9. Nxc6 bxc6 10. Bxc6 Rb8 11. O-O Bb7
12. Bb5 Qd6 13. Bf4 Qb6 14. Qa4 Nd5 15. Bc1 Qxd4 16. Qxc4 Qb6
17. Ba4 Nxc3 18. Qxc3 Bf6 19. Qc2 Qa5 20. Bf4 Qd5 21. f3 Ba6
22. Rab1 Bxe2 23. Qxe2 Qd4+ 24. Kg2 Qxa4 25. Bxc7 Rb3 26. Be5
Bxe5 27. Qxe5 h6 28. Rf2 Rc8 29. Re1 Qd7 30. Ree2 Qb7 31. Qe4
Qxe4 32. Rxe4 Rcb8 33. Ree2 g5 34. Rc2 R8b7 35. Rfe2 Kg7
36. Kf2 Kg6 37. Kg2 h5 38. h3 R7b5 39. Kf2 a5 40. Kg2 Rf5
41. Rf2 h4 42. Rc4 hxg3 43. Kxg3 Rfb5 44. Rcc2 Kf5 45. Rcd2 f6
46. Rc2 e5 47. Rce2 Rd5 48. h4 g4 49. Kg2 gxf3+ 50. Rxf3+ Rxf3
51. Kxf3 Rb5 52. Rf2 Rb3+ 53. Kg2+ Kg6 54. Rc2 a4 55. Kh2 e4
56. Rc4 Rxb2+ 57. Kg3 Rb3+ 58. Kf4 Rxa3 59. Kxe4 Rh3 60. Kd5
a3 61. Ra4 a2 62. Ke6 Rxh4 63. Rxa2 Re4+ 64. Kd5 f5 65. Rg2+
Kh5 66. Rg1 Rg4 67. Re1 Kg5 68. Ke5 Rg3 69. Re2 f4 70. Ke4 Kg4
71. Re1 Rg2 72. Ra1 Re2+ 73. Kd3 f3 74. Ra8 Kg3 75. Rg8+ Kf2
76. Rg7 Kf1 77. Rf7 f2 78. Rg7 Ke1 0-1

[Event "Bled Olympiad"]
[Site "Bled SLO"]
[Date "2002.11.05"]
[EventDate "2002.10.26"]
[Round "10"]
[Result "1-0"]
[White "Darius Zagorskis"]
[Black "Mikhail Gluzman"]
[WhiteElo "2481"]
[BlackElo "2417"]
[PlyCount "139"]

1. c4 c5 2. Nc3 Nf6 3. Nf3 Nc6 4. d4 cxd4 5. Nxd4 g6 6. e4
Nxd4 7. Qxd4 d6 8. Be3 Bg7 9. Be2 O-O 10. Qd2 Be6 11. O-O Qa5
12. Rab1 Rfc8 13. Rfc1 Qd8 14. b3 Nd7 15. Nd5 Nc5 16. f3 a5
17. Bg5 f6 18. Be3 Bf7 19. Bd1 e6 20. Nc3 f5 21. exf5 gxf5
22. Nb5 Ra6 23. Be2 Bg6 24. Bd4 e5 25. Bc3 Bf6 26. Rd1 Bg5
27. Qb2 Be3+ 28. Kh1 f4 29. Ra1 Qe7 30. Bd2 Bf2 31. Be1 Be3
32. Nc3 Bf7 33. Bf1 a4 34. b4 a3 35. Qc2 Nd7 36. c5 Rac6
37. Bb5 dxc5 38. Bxc6 Rxc6 39. bxc5 Nxc5 40. Nd5 Bxd5 41. Rxd5
Bd4 42. Rd1 Kg7 43. Bf2 Ne6 44. Qf5 Qf7 45. Qxf7+ Kxf7
46. Bxd4 exd4 47. Rd7+ Kg6 48. Rxb7 Rc2 49. Ra7 Rxa2 50. h3 h5
51. h4 Kf6 52. Ra5 Ke7 53. Rd3 Ra1+ 54. Kh2 a2 55. Rd2 Kd6
56. Raxa2 Rxa2 57. Rxa2 Kd5 58. Kg1 d3 59. Kf2 Kd4 60. Ra5 Nc5
61. Ke1 Kc4 62. Kd1 Kd4 63. Rb5 Kc4 64. Rb8 Kc3 65. Rc8 Kd4
66. Rh8 Kc3 67. Rxh5 Na4 68. Rd5 Nb2+ 69. Kc1 Nc4 70. Rc5 1-0

[Event "Bled Olympiad"]
[Site "Bled SLO"]
[Date "2002.11.05"]
[EventDate "2002.10.26"]
[Round "10"]
[Result "1/2-1/2"]
[White "Viorel Iordachescu"]
[Black "Paul Motwani"]
[WhiteElo "2567"]
[BlackElo "2525"]
[PlyCount "46"]

1. e4 e5 2. Nf3 Nc6 3. Bb5 Nf6 4. O-O Nxe4 5. d4 a6 6. Ba4 b5
7. Bb3 Be7 8. Nxe5 Nxe5 9. dxe5 Bb7 10. Bd5 Bxd5 11. Qxd5 Nc5
12. Be3 c6 13. Qd2 O-O 14. Nc3 d5 15. exd6 Bxd6 16. Rad1 Be7
17. Qe2 Qc7 18. Bd4 Bd6 19. g3 Ne6 20. Bb6 Qxb6 21. Rxd6 Nd4
22. Qe3 Rfd8 23. Rxd8+ Rxd8 1/2-1/2

[Event "Bled Olympiad"]
[Site "Bled SLO"]
[Date "2002.11.05"]
[EventDate "2002.10.26"]
[Round "10"]
[Result "1-0"]
[White "Vasile Sanduleac"]
[Black "Stephen R Burns-Mannion"]
[WhiteElo "2471"]
[BlackElo "2367"]
[PlyCount "119"]

1. Nf3 Nf6 2. g3 d5 3. Bg2 Bf5 4. O-O e6 5. d3 h6 6. Nbd2 Be7
7. b3 O-O 8. Bb2 Bh7 9. c4 c6 10. Qc2 Nbd7 11. Rac1 Bd6 12. e4
dxe4 13. Nxe4 Nxe4 14. dxe4 Qe7 15. Rcd1 Rfd8 16. Qe2 Ba3
17. Ba1 a5 18. Nd4 a4 19. Nc2 axb3 20. axb3 Bc5 21. Bc3 Ra2
22. Rd2 Nf6 23. Rfd1 Rxd2 24. Rxd2 Bg6 25. b4 Bb6 26. c5 Bc7
27. Qc4 Ra8 28. Ne3 Rd8 29. Rxd8+ Qxd8 30. e5 Nd5 31. Nxd5
cxd5 32. Qd4 b5 33. Bf1 Qb8 34. Qe3 Bc2 35. Bd4 Ba4 36. Bd3
Qe8 37. Qe2 Bd8 38. h4 Qd7 39. h5 Qe8 40. Kg2 Bc7 41. Bb1 Kf8
42. Qd3 Ke7 43. Qh7 Qf8 44. c6 Kd8 45. Bc5 Qe8 46. Qxg7 Qxc6
47. Qf8+ Qe8 48. Qxh6 Bxe5 49. Qe3 Qh8 50. h6 Kd7 51. Bd3 f5
52. Qe2 Qb8 53. h7 d4 54. Qf3 Bh8 55. g4 Bb3 56. gxf5 Bd5
57. Be4 Qe5 58. fxe6+ Kxe6 59. Qg4+ Kf7 60. Qg6+ 1-0

[Event "Bled Olympiad"]
[Site "Bled SLO"]
[Date "2002.11.05"]
[EventDate "2002.10.26"]
[Round "10"]
[Result "0-1"]
[White "John K Shaw"]
[Black "Dmitry Svetushkin"]
[WhiteElo "2484"]
[BlackElo "2505"]
[PlyCount "80"]

1. e4 g6 2. d4 Bg7 3. Nc3 c6 4. f4 Qb6 5. Nf3 d5 6. exd5 Bg4
7. h3 Bxf3 8. Qxf3 Bxd4 9. Bd2 Nf6 10. Na4 Qd8 11. c3 Bb6
12. dxc6 Nxc6 13. Nxb6 axb6 14. Bb5 O-O 15. Be3 e6 16. O-O Nd5
17. Bc1 Qd6 18. Bd3 Na5 19. Bc2 Nc4 20. Kh1 Qc5 21. Re1 Rfd8
22. a3 b5 23. b3 Nd6 24. Bb2 Rac8 25. Rac1 Qb6 26. h4 Ne8
27. f5 exf5 28. Rxe8+ Rxe8 29. Qxd5 Qf2 30. c4 bxc4 31. bxc4
Qxh4+ 32. Kg1 Rcd8 33. Qf3 Rd2 34. Bc3 Re1+ 35. Rxe1 Qxe1+
36. Kh2 Qh4+ 37. Kg1 Rxc2 38. Qe3 Qe4 39. Qg3 f4 40. Qh3 Qe3+
0-1

[Event "Bled Olympiad"]
[Site "Bled SLO"]
[Date "2002.11.05"]
[EventDate "2002.10.26"]
[Round "10"]
[Result "0-1"]
[White "Anh Dung Nguyen"]
[Black "Branko Damljanovic"]
[WhiteElo "2540"]
[BlackElo "2550"]
[PlyCount "138"]

1. d4 Nf6 2. c4 g6 3. Nc3 Bg7 4. e4 d6 5. f3 O-O 6. Be3 c5
7. Nge2 Nc6 8. Qd2 Qa5 9. Rd1 cxd4 10. Nxd4 Nxd4 11. Bxd4 Be6
12. Be2 Rfc8 13. b3 a6 14. O-O b5 15. Bxf6 Bxf6 16. Nd5 Qxd2
17. Nxf6+ exf6 18. Rxd2 bxc4 19. Bxc4 Bxc4 20. bxc4 Rxc4
21. Rxd6 Ra4 22. Rd2 Rc8 23. Rb1 Rc7 24. Kf2 Kg7 25. Kg3 h5
26. h4 Ra5 27. Rb6 Ra7 28. Kf4 f5 29. e5 Ra4+ 30. Kg3 f4+
31. Kf2 Re7 32. Re2 Ra5 33. g3 fxg3+ 34. Kxg3 Re6 35. Rxe6
fxe6 36. Kf4 Kh6 37. Rc2 Ra4+ 38. Kg3 g5 39. Rc6 gxh4+ 40. Kh3
Kg5 41. Rxe6 Rxa2 42. Rf6 Ra3 43. Rf8 a5 44. Kg2 Ra2+ 45. Kh3
Ra3 46. Kg2 Re3 47. Kf2 h3 48. Kg3 a4 49. Kxh3 a3 50. Kg3 h4+
51. Kf2 Rb3 52. f4+ Kg4 53. e6 Rb2+ 54. Ke3 Rb1 55. Ra8 h3
56. e7 Re1+ 57. Kf2 h2 58. Rg8+ Kxf4 59. Rf8+ Kg5 60. Kxe1
h1=Q+ 61. Kf2 Qh2+ 62. Kf1 Qh3+ 63. Kf2 Qh4+ 64. Kf3 Qg4+
65. Kf2 Qd4+ 66. Kg2 Qe4+ 67. Rf3 Qxe7 68. Rg3+ Kf5 69. Rf3+
Ke5 0-1

[Event "Bled Olympiad"]
[Site "Bled SLO"]
[Date "2002.11.05"]
[EventDate "2002.10.26"]
[Round "10"]
[Result "1/2-1/2"]
[White "Ljubomir Ljubojevic"]
[Black "Hoang Thong Tu"]
[WhiteElo "2557"]
[BlackElo "2507"]
[PlyCount "110"]

1. d4 f5 2. c4 Nf6 3. Nc3 g6 4. g3 Bg7 5. Bg2 O-O 6. Nh3 d6
7. d5 Nbd7 8. Qc2 Ne5 9. b3 c5 10. Bb2 a6 11. O-O Rb8 12. a4
b6 13. Rae1 Ne8 14. f4 Ng4 15. e3 Nc7 16. Nf2 Nh6 17. Ncd1
Bxb2 18. Nxb2 b5 19. Ra1 b4 20. Nbd3 Qe8 21. Qd2 Qf7 22. Ne1
Qg7 23. Nf3 Bd7 24. Rfe1 Rbe8 25. Rad1 a5 26. h3 Nf7 27. e4
fxe4 28. Nxe4 h6 29. Kh2 Bc8 30. g4 Bd7 31. Qc1 Nh8 32. Ng3
Qc3 33. Qb1 Qg7 34. Re4 Rf7 35. Qc1 Ref8 36. Qe3 Re8 37. Re1
Qc3 38. Qxc3 bxc3 39. R1e3 c2 40. Rc3 Rb8 41. Nd2 e6 42. dxe6
Nxe6 43. Ne2 Rf6 44. Rxc2 Bc6 45. Re3 Bxg2 46. Kxg2 Nxf4+
47. Nxf4 Rxf4 48. Ne4 Nf7 49. Rd2 Rb6 50. Rf2 Rxf2+ 51. Kxf2
Kg7 52. Ke2 Ng5 53. Nxg5 hxg5 54. Kd2 Kf6 55. Kc3 Rb8 1/2-1/2

[Event "Bled Olympiad"]
[Site "Bled SLO"]
[Date "2002.11.05"]
[EventDate "2002.10.26"]
[Round "10"]
[Result "1-0"]
[White "Aleksandar Kovacevic"]
[Black "Vinh Bui"]
[WhiteElo "2546"]
[BlackElo "2459"]
[PlyCount "54"]

1. e4 c5 2. Nf3 d6 3. d4 cxd4 4. Nxd4 Nf6 5. Nc3 a6 6. Be3 e6
7. Be2 Nc6 8. O-O Be7 9. f4 Qc7 10. Kh1 O-O 11. Qe1 Nxd4
12. Bxd4 b5 13. a3 Bb7 14. Qg3 Bc6 15. Rae1 Qb7 16. Bd3 Rae8
17. Qh3 g6 18. e5 dxe5 19. fxe5 Nh5 20. Ne4 Rd8 21. c3 Rfe8
22. Rf3 Ng7 23. Rf4 f6 24. Rxf6 h6 25. Qxh6 Rf8 26. Rf7 Kxf7
27. Qh7 Bd6 1-0

[Event "Bled Olympiad"]
[Site "Bled SLO"]
[Date "2002.11.05"]
[EventDate "2002.10.26"]
[Round "10"]
[Result "0-1"]
[White "Le Dinh Tuan"]
[Black "Zlatko Ilincic"]
[WhiteElo "2318"]
[BlackElo "2527"]
[PlyCount "84"]

1. e4 c5 2. Nf3 d6 3. d4 cxd4 4. Nxd4 Nf6 5. Nc3 a6 6. Bg5 e6
7. f4 h6 8. Bxf6 Qxf6 9. Qd2 g5 10. f5 Nc6 11. O-O-O Qxd4
12. Qxd4 Nxd4 13. Rxd4 Bd7 14. Be2 h5 15. Rhd1 Bc6 16. fxe6
fxe6 17. h3 Rd8 18. Bf3 Ke7 19. Ne2 Bg7 20. Rb4 Rdg8 21. Nd4
Bxd4 22. Rbxd4 g4 23. hxg4 hxg4 24. Be2 Rh2 25. Rxd6 Rxg2
26. Bxa6 Bxe4 27. Rd7+ Kf6 28. Bd3 Bxd3 29. R1xd3 g3 30. Rf3+
Kg5 31. Rdd3 Kg4 32. Rfe3 Rg6 33. a4 Kh3 34. a5 Rf2 35. b4 Kh2
36. b5 Rf5 37. c4 Rh5 38. a6 bxa6 39. b6 g2 40. Rd2 Rc5 41. b7
Rxc4+ 42. Kd1 Rb4 0-1

[Event "Bled Olympiad"]
[Site "Bled SLO"]
[Date "2002.11.05"]
[EventDate "2002.10.26"]
[Round "10"]
[Result "1/2-1/2"]
[White "Georg Danner"]
[Black "Shukhrat Safin"]
[WhiteElo "2370"]
[BlackElo "2542"]
[PlyCount "84"]

1. d4 Nf6 2. Nf3 g6 3. c4 Bg7 4. Nc3 d6 5. e4 O-O 6. Be2 c5
7. d5 e6 8. O-O Re8 9. Bd3 exd5 10. exd5 Bg4 11. h3 Bxf3
12. Qxf3 Nbd7 13. Qd1 a6 14. a4 b6 15. Bd2 Ra7 16. f4 Nb8
17. Qf3 Rae7 18. g4 a5 19. Kg2 Na6 20. Rae1 Nb4 21. Bb1 Nd7
22. b3 Rxe1 23. Rxe1 Rxe1 24. Bxe1 Qf6 25. Qe4 h6 26. h4 g5
27. fxg5 hxg5 28. h5 Ne5 29. Ne2 Kf8 30. Bd2 Nd7 31. Bc3 Qh6
32. Bd2 Qf6 33. Bc3 Qh6 34. Bd2 Qf6 35. Nc3 Qd4 36. Qxd4 cxd4
37. Ne4 Ne5 38. Kg3 Na6 39. Bxg5 Nc5 40. Nxd6 Nxb3 41. Nf5 Bh8
42. d6 Nc5 1/2-1/2

[Event "Bled Olympiad"]
[Site "Bled SLO"]
[Date "2002.11.05"]
[EventDate "2002.10.26"]
[Round "10"]
[Result "1-0"]
[White "Marat Dzhumaev"]
[Black "Siegfried Baumegger"]
[WhiteElo "2495"]
[BlackElo "2359"]
[PlyCount "46"]

1. e4 e6 2. Qe2 c5 3. Nf3 Nc6 4. g3 g6 5. Bg2 Bg7 6. O-O Nge7
7. d3 d6 8. Nh4 O-O 9. f4 Rb8 10. c3 f5 11. a4 a6 12. Nf3 b5
13. axb5 axb5 14. Nbd2 b4 15. e5 d5 16. Qf2 Qb6 17. Rd1 Na5
18. cxb4 Qxb4 19. b3 Qb5 20. Ba3 Nb7 21. d4 Rd8 22. dxc5 Qe8
23. b4 Bd7 1-0

[Event "Bled Olympiad"]
[Site "Bled SLO"]
[Date "2002.11.05"]
[EventDate "2002.10.26"]
[Round "10"]
[Result "1/2-1/2"]
[White "Sergey Zagrebelny"]
[Black "Martin Neubauer"]
[WhiteElo "2525"]
[BlackElo "2388"]
[PlyCount "80"]

1. e4 e6 2. d4 d5 3. Nd2 dxe4 4. Nxe4 Nd7 5. g3 b6 6. Bg2 Rb8
7. Ne2 Bb7 8. O-O Ngf6 9. Nxf6+ Nxf6 10. c4 Bxg2 11. Kxg2 Qd7
12. Bg5 Be7 13. Qd3 O-O 14. Rfd1 b5 15. b3 bxc4 16. bxc4 Rb2
17. Bc1 Rb7 18. Nc3 Rd8 19. Kg1 c5 20. d5 exd5 21. cxd5 Qh3
22. Qf1 Qh5 23. Qg2 Rbd7 24. Bf4 g5 25. Be3 g4 26. d6 Bxd6
27. Nd5 Be5 28. Nxf6+ Bxf6 29. Rxd7 Rxd7 30. Rc1 Bb2 31. Rb1
Qf5 32. Qa8+ Kg7 33. Rxb2 Rd1+ 34. Kg2 Qd3 35. Bh6+ Kxh6
36. Qf8+ Kg6 37. Qg8+ Kh6 38. Qf8+ Kg6 39. Qg8+ Kf6 40. Qh8+
Kg6 1/2-1/2

[Event "Bled Olympiad"]
[Site "Bled SLO"]
[Date "2002.11.05"]
[EventDate "2002.10.26"]
[Round "10"]
[Result "1/2-1/2"]
[White "Franz Hoelzl"]
[Black "Tahir Vakhidov"]
[WhiteElo "2372"]
[BlackElo "2545"]
[PlyCount "138"]

1. Nf3 Nf6 2. c4 c5 3. g3 g6 4. Bg2 Bg7 5. d4 cxd4 6. Nxd4 O-O
7. O-O Nc6 8. Nc3 Ng4 9. e3 Nge5 10. b3 d6 11. Nxc6 Nxc6
12. Bb2 Qa5 13. Qc1 Be6 14. Nd5 Bxd5 15. Bxd5 Rac8 16. Bxg7
Kxg7 17. Rd1 Kg8 18. h4 e6 19. Bg2 Rfd8 20. Qb2 h5 21. Rd2 b5
22. Bxc6 Rxc6 23. b4 Qb6 24. cxb5 Qxb5 25. a4 Qb6 26. b5 Rc5
27. Rad1 a6 28. bxa6 Qxa6 29. Rd4 d5 30. e4 Ra8 31. Rb4 dxe4
32. Rxe4 Qc6 33. Rb4 e5 34. Ra1 Kg7 35. Rb6 Qe4 36. Rb5 Ra5
37. Rxc5 Rxc5 38. a5 Rxa5 39. Rxa5 Qe1+ 40. Kh2 Qxa5 41. f4
Kf6 42. Qb8 Qd2+ 43. Kh3 Qd7+ 44. Kh2 Qd2+ 45. Kh3 Qd7+
46. Kh2 exf4 47. Qxf4+ Qf5 48. Qd6+ Kg7 49. Qd4+ Qf6 50. Qd2
Qe5 51. Qd8 Qe2+ 52. Kg1 Qb2 53. Qc7 Qd4+ 54. Kg2 g5 55. hxg5
Qd2+ 56. Kf3 Qxg5 57. Qc8 Qd5+ 58. Kf4 Qd2+ 59. Kf3 Qd3+
60. Kf4 Qg6 61. Qd7 Qf6+ 62. Qf5 Qxf5+ 63. Kxf5 f6 64. Ke4 Kg6
65. Kf4 f5 66. Ke3 Kf7 67. Kf4 Kg6 68. Ke3 Kg5 69. Kf3 h4
1/2-1/2